000 01025 a2200217 4500
001 34497
005 20260407155631.0
008 260407a2005 arg spa d
003 AR-UNSa-BCEJYS
040 _aAR-UNSa-BCEJYS
_bspa
_cAR-UNSa-BCEJYS
080 _a658.5
_xPlanificación y control de la producción
245 1 0 _aLos 6 pasos del planeamiento estratégico
020 _a987-04-0086-8
264 1 _aBuenos Aires :
_bAguilar
_c2005
300 _a196 p.
_c22 cm.
505 _a1.¿ Qué es el planemiento estratégico ? - 2. Síntesis de un modelo estratégico - 3. El análisis de los escenarios - 4. Definir la visión de futuro - 5. Seleccionar las estrategias - 6. Asignar una misión - 7. Diseñar la estructura - 8. El plan de acción - 9. La cultura estratégica - 10. Nuevas estrategias en el mundo.
942 _cBK
590 _aniveau_biblio:m niveau_hierar:0
100 1 _aGandolfo Gahan, Juan
856 4 1 _uhttps://biblioeco.unsa.edu.ar/pmb/images/libros/seisPasos.jpg
_yImagen de portada
_qimage/jpeg
999 _c2454
_d2454